|
|
|
|
| LEADER |
00000nab a2200000 a 4500 |
| 001 |
vtls000435619 |
| 003 |
SK-MaSNL |
| 005 |
20260304015920.0 |
| 008 |
120925c1991 xo 0 slo |
| 015 |
|
|
|a SNBRB19rr/mm-uuuuu
|
| 035 |
|
|
|a CL0435747
|
| 040 |
|
|
|a SNKBUCL
|b slo
|c SNKBUCL
|e AACR2
|
| 041 |
0 |
|
|a slo
|
| 044 |
|
|
|a xo
|c SK
|
| 080 |
|
|
|a 328.1 (437.6)
|2 1981
|
| 100 |
1 |
|
|a Melichárková, A.
|4 aut
|9 962599
|
| 245 |
1 |
0 |
|a Verejná diskusia o "Keby..."
|b Prvý deň 19. schôdze SNR - dôvera I. Čarnogurskému
|c A. Melichárková, D. BombíkovÁ ; Alena Melichárková, Dagmar Bombíková
|
| 300 |
|
|
|b Fot. 2.
|
| 610 |
1 |
7 |
|a Slovensko (Československo).
|b Slovenská národná rada
|2 SNKKA
|9 34638
|
| 650 |
0 |
7 |
|a Zákon SNR o ústavnom súde SR
|2 snkbucl
|9 1297198
|
| 655 |
|
7 |
|a články z novín a časopisov
|2 snkbucl
|9 267496
|
| 700 |
1 |
|
|a Bombíková, D.
|4 aut
|9 972709
|
| 700 |
1 |
|
|a Melichárková, Alena
|4 aut
|9 552419
|
| 700 |
1 |
|
|a Bombíková, Dagmar
|4 aut
|9 960919
|
| 773 |
0 |
|
|t Národná obroda
|g Roč. 2, č. 283 (3. 12. 1991), s. 1-2
|
| 850 |
|
|
|a Slovenská národná knižnica v Martine
|a MTA001
|
| 852 |
|
|
|a SNK
|b KIS3GCP
|
| 958 |
|
|
|a RK
|
| 992 |
|
|
|a RBX
|
| 999 |
|
|
|c 2595430
|d 2597360
|